Caricamento...
Pali sahitya ka ithihas/
| Autore principale: | |
|---|---|
| Natura: | Printed Book |
| Pubblicazione: |
Varanasi:
Njan Mandal Ltd,
1971.
|
| LEADER | 00366 a2200109 4500 | ||
|---|---|---|---|
| 100 | |a Bhikshu Dharmarakshith | ||
| 245 | |a Pali sahitya ka ithihas/ |c Bhikshu Dharmarakshith | ||
| 260 | |a Varanasi: |b Njan Mandal Ltd, |c 1971. | ||
| 300 | |a 213p. | ||
| 942 | |2 ddc |c BK | ||
| 999 | |c 241969 |d 241969 | ||
| 952 | |0 0 |1 0 |4 1 |7 0 |9 268482 |a HIN |b HIN |c ST1 |d 2011-12-12 |i 6785 |l 0 |p HIN6785 |r 2011-12-12 |w 2014-02-07 |y BK | ||